Datum a čas kvízu

17.5 Celkem bodů Celkový počet nahraných bodů na tomto kvízu bez doplňovacích otázek.
11. Pořadí na kvízu Konečné umístění týmu na tomto kvízu.

Zaznamenané odpovědi

# Otázka Odpověď Body Výsledky
1. V Rokycanech podal minulý týde... členy Ku-klux-klanu 0
2. Německý turista neuspěl se svo... C 0
3. Na snímku vidíme umělce jménem... Banksy 0
4. Ministryně financí Alena Schil... Kobra 1
5. Tereza Voborníková potvrdila s... v Oslu 0
1. Vítězné téma „vražedně“ těsnéh... Hercule Poirot 0
2. Fiktivní detektiv třetí třídy... Ed McBain, New York 0
3. Přiřaďte autory severských det... 1D 2B 3A 4C 0
4. Stopy, kořist, smrt, ticho, zl... Dokonalý (Dokonalá/Dokonalé) 0
5. Jednou z nejúspěšnějších český... Zmizela v mlze (Norsko), Ostrov šedých mnichů (Nizozemsko) 0